[Event "Budapest-chT1 Lilienthal 1718"]
[Site "Budapest"]
[Date "2018.03.18"]
[Round "12"]
[White "Terbe, Zsuzsanna"]
[Black "Antal, Laszlo"]
[Result "1/2-1/2"]
[WhiteElo "2136"]
[BlackElo "2133"]
[PlyCount "48"]
[EventDate "2017.10.01"]
[EventType "team-tourn"]
[EventRounds "13"]
[EventCountry "HUN"]
[SourceTitle "EXT 2021"]
[Source "ChessBase"]
[SourceDate "2020.10.23"]
[SourceVersion "1"]
[SourceVersionDate "2020.10.23"]
[SourceQuality "1"]
[WhiteTeam "Budapest MTK III"]
[BlackTeam "SENSE"]
[WhiteTeamCountry "HUN"]
[BlackTeamCountry "HUN"]

1. Nf3 Nf6 2. g3 d5 3. Bg2 Bg4 4. 0-0 e6 5. h3 Bh5 6. d4 Bd6 7. c4 c6 8. cxd5 exd5 9. Qb3 Qb6 10. Qe3+ Kf8 11. Nh4 Bg6 12. Nc3 Nbd7 13. Rd1 Re8 14. Qf3 Bc2 15. Nf5 Bb4 16. Rd2 Be4 17. Qf4 Nh5 18. Qg5 h6 19. Qxh5 Nf6 20. Qh4 g5 21. Qxh6+ Rxh6 22. Nxh6 Kg7 23. Ng4 Nxg4 24. hxg4 Bxg2 1/2-1/2

[Event "Budapest-chT1 Lilienthal 1718"]
[Site "Budapest"]
[Date "2017.11.12"]
[Round "3"]
[White "Antal, Laszlo"]
[Black "Kiss, Istvan Gyorgy"]
[Result "1-0"]
[WhiteElo "2133"]
[BlackElo "2091"]
[PlyCount "77"]
[EventDate "2017.10.01"]
[EventType "team-tourn"]
[EventRounds "13"]
[EventCountry "HUN"]
[SourceTitle "EXT 2021"]
[Source "ChessBase"]
[SourceDate "2020.10.23"]
[SourceVersion "1"]
[SourceVersionDate "2020.10.23"]
[SourceQuality "1"]
[WhiteTeam "SENSE"]
[BlackTeam "Palota Sakk"]
[WhiteTeamCountry "HUN"]
[BlackTeamCountry "HUN"]

1. e4 e6 2. d4 d5 3. Nc3 dxe4 4. Nxe4 Nf6 5. Nxf6+ Qxf6 6. Nf3 h6 7. Bd3 Bd6 8. 0-0 Nd7 9. Qe2 0-0 10. Qe4 Qf5 11. Qxf5 exf5 12. Bxf5 Nf6 13. Bxc8 Raxc8 14. Be3 c5 15. dxc5 Bxc5 16. Bxc5 Rxc5 17. c3 Rfc8 18. Rfe1 R8c7 19. Rad1 g6 20. Re5 Rc4 21. Rd4 Rxd4 22. Nxd4 Kf8 23. f3 a6 24. Kf2 Nd7 25. Re2 Nc5 26. Nb3 Nxb3 27. axb3 Rc6 28. b4 Rd6 29. Ke1 Rb6 30. Kd1 Kg7 31. Kc2 Kf6 32. Kd3 Rd6+ 33. Kc4 Rc6+ 34. Kd5 Rb6 35. Re8 Rb5+ 36. Kd6 a5 37. Re4 a4 38. Rf4+ Kg7 39. Rc4 1-0

[Event "BCF-chT3N 1415 (4NCL)"]
[Site "England"]
[Date "2014.11.15"]
[Round "1.87"]
[White "Antal, Laszlo"]
[Black "Dean, Robert A"]
[Result "1/2-1/2"]
[WhiteElo "2163"]
[BlackElo "1854"]
[PlyCount "75"]
[EventDate "2014.11.15"]
[EventType "team-swiss"]
[EventRounds "6"]
[EventCountry "ENG"]
[SourceTitle "CBM 163 Extra"]
[Source "ChessBase"]
[SourceDate "2014.12.23"]
[SourceVersion "1"]
[SourceVersionDate "2014.12.23"]
[SourceQuality "1"]
[WhiteTeam "Manchester Manticores"]
[BlackTeam "Bradford DCA Knights III"]
[WhiteTeamCountry "ENG"]
[BlackTeamCountry "ENG"]

1. e4 e6 2. d4 d5 3. Nc3 Bb4 4. e5 c5 5. a3 Bxc3+ 6. bxc3 Ne7 7. Qg4 Nbc6 8. Qxg7 Rg8 9. Qxh7 cxd4 10. cxd4 Nxd4 11. Qd3 Nef5 12. Bb2 Qa5+ 13. Bc3 Qa4 14. Bxd4 Nxd4 15. 0-0-0 Nc6 16. Nf3 Bd7 17. Qb3 Qf4+ 18. Qe3 Qxe3+ 19. fxe3 Rc8 20. Kb2 Ke7 21. h4 Na5 22. Rd4 b5 23. Rf4 Nb7 24. Ng5 Rg7 25. Rh3 Nc5 26. e4 Nxe4 27. Nxe4 dxe4 28. Rxe4 Bc6 29. Re2 Bd5 30. Rd2 a6 31. g3 Rcg8 32. Bg2 Bc4 33. Bb7 a5 34. Bc6 Rxg3 35. Rd7+ Kf8 36. Rd8+ Ke7 37. Rd7+ Kf8 38. Rd8+ 1/2-1/2

[Event "HUN-chT2 Maroczy 1112"]
[Site "Hungary"]
[Date "2012.05.20"]
[Round "11"]
[White "Kende, Gyorgy"]
[Black "Antal, Laszlo"]
[Result "1/2-1/2"]
[WhiteElo "2248"]
[BlackElo "2179"]
[PlyCount "24"]
[EventDate "2011.09.25"]
[EventType "team-tourn"]
[EventRounds "11"]
[EventCountry "HUN"]
[SourceTitle "EXT 2013"]
[Source "ChessBase"]
[SourceDate "2012.11.22"]
[SourceVersion "1"]
[SourceVersionDate "2012.11.22"]
[SourceQuality "1"]
[WhiteTeam "Dunaharaszti"]
[BlackTeam "Fuezesabony"]
[WhiteTeamCountry "HUN"]
[BlackTeamCountry "HUN"]

1. c4 Nf6 2. Nc3 e6 3. d4 Bb4 4. a3 Bxc3+ 5. bxc3 c5 6. e3 Nc6 7. Bd3 0-0 8. Ne2 e5 9. d5 e4 10. Bc2 Ne5 11. Ng3 Qa5 12. 0-0 Qxc3 1/2-1/2

[Event "HUN-chT2 Maroczy 1112"]
[Site "Hungary"]
[Date "2012.05.06"]
[Round "10"]
[White "Antal, Laszlo"]
[Black "Csuri, Laszlo"]
[Result "1-0"]
[WhiteElo "2179"]
[BlackElo "2050"]
[PlyCount "87"]
[EventDate "2011.09.25"]
[EventType "team-tourn"]
[EventRounds "11"]
[EventCountry "HUN"]
[SourceTitle "EXT 2013"]
[Source "ChessBase"]
[SourceDate "2012.11.22"]
[SourceVersion "1"]
[SourceVersionDate "2012.11.22"]
[SourceQuality "1"]
[WhiteTeam "Fuezesabony"]
[BlackTeam "Roszke"]
[WhiteTeamCountry "HUN"]
[BlackTeamCountry "HUN"]

1. e4 c5 2. Nf3 a6 3. c3 e6 4. d4 d5 5. dxc5 Bxc5 6. exd5 exd5 7. Nbd2 Nf6 8. Nb3 Bb6 9. Bd3 0-0 10. 0-0 Nc6 11. Bg5 Bg4 12. Be2 Be6 13. Qd3 Rc8 14. Rae1 d4 15. Nfxd4 Nxd4 16. cxd4 Re8 17. Qf3 Bd5 18. Bxf6 gxf6 19. Qh5 Bxb3 20. axb3 Qxd4 21. Rd1 Qe5 22. Rd7 Qxh5 23. Bxh5 Re5 24. Bxf7+ Kf8 25. Rxb7 Rb5 26. Rd7 Rc2 27. Bc4 Rf5 28. Rxh7 Rfxf2 29. Rxf2 Bxf2+ 30. Kf1 Bd4 31. g4 Rxb2 32. h4 Rf2+ 33. Ke1 Rg2 34. Rf7+ Ke8 35. Rg7 a5 36. h5 Rh2 37. Rh7 Be3 38. Be6 Bg5 39. Ra7 Bf4 40. Kf1 Bd2 41. Bc4 Bc3 42. Bd5 Kf8 43. Rh7 Bd2 44. Rf7+ 1-0

[Event "HUN-chT2 Maroczy 1112"]
[Site "Hungary"]
[Date "2011.11.12"]
[Round "4"]
[White "Antal, Laszlo"]
[Black "Posa, Norbert"]
[Result "1/2-1/2"]
[WhiteElo "2179"]
[BlackElo "2128"]
[PlyCount "84"]
[EventDate "2011.09.25"]
[EventType "team-tourn"]
[EventRounds "11"]
[EventCountry "HUN"]
[SourceTitle "EXT 2013"]
[Source "ChessBase"]
[SourceDate "2012.11.22"]
[SourceVersion "1"]
[SourceVersionDate "2012.11.22"]
[SourceQuality "1"]
[WhiteTeam "Fuezesabony"]
[BlackTeam "Lila Futo"]
[WhiteTeamCountry "HUN"]
[BlackTeamCountry "HUN"]

1. e4 c6 2. d4 d5 3. e5 Bf5 4. Nc3 e6 5. g4 Bg6 6. Nge2 Bb4 7. a3 Bxc3+ 8. Nxc3 Qh4 9. Be3 Ne7 10. Be2 h5 11. Qd2 hxg4 12. Bg5 Qh7 13. Bxe7 Kxe7 14. Nxd5+ exd5 15. Qb4+ c5 16. Qxc5+ Kd8 17. Qa5+ Ke8 18. Bb5+ Nd7 19. Qc7 Rd8 20. Qxb7 Be4 21. Rg1 Bf3 22. Qxa7 Qxc2 23. Qc5 Qxb2 24. Rc1 Rxh2 25. Rf1 g3 26. Rc2 gxf2+ 27. Kd2 Qb3 28. Rc3 Qa2+ 29. Rc2 Qxc2+ 30. Kxc2 Be2 31. Qxd5 Bxf1 32. Bxf1 Rc8+ 33. Kd2 Rb8 34. Ke3 Rb1 35. Ke2 Re1+ 36. Kf3 Rxf1 37. e6 fxe6 38. Qxe6+ Kd8 39. Qg8+ Ke7 40. Qxg7+ Ke8 41. Qg6+ Ke7 42. Qg7+ Ke8 1/2-1/2

[Event "Budapest-chT1 Lilienthal 1011"]
[Site "Budapest"]
[Date "2010.12.12"]
[Round "6"]
[White "Antal, Laszlo"]
[Black "Bauer, Peter2222"]
[Result "1/2-1/2"]
[WhiteElo "2199"]
[BlackElo "2148"]
[PlyCount "81"]
[EventDate "2010.09.19"]
[EventType "team-tourn"]
[EventRounds "11"]
[EventCountry "HUN"]
[SourceTitle "EXT 2020"]
[Source "ChessBase"]
[SourceDate "2019.10.17"]
[SourceVersion "1"]
[SourceVersionDate "2019.10.17"]
[SourceQuality "1"]
[WhiteTeam "Hid Unio"]
[BlackTeam "Budapest Ujpest KSE"]
[WhiteTeamCountry "HUN"]
[BlackTeamCountry "HUN"]

1. e4 e6 2. d4 d5 3. Nc3 Nf6 4. Bg5 Be7 5. e5 Nfd7 6. Bxe7 Qxe7 7. f4 a6 8. Nf3 c5 9. Qd2 Nc6 10. dxc5 Qxc5 11. Bd3 b5 12. a3 Bb7 13. Qf2 Qxf2+ 14. Kxf2 Ke7 15. Rhe1 Nb6 16. Ne2 g6 17. Ned4 Nxd4 18. Nxd4 h5 19. g3 Rac8 20. Rh1 Na4 21. b3 Nc3 22. Ke3 Rc7 23. h3 Rd8 24. g4 h4 25. Rhg1 Ne4 26. f5 gxf5 27. gxf5 Ng3 28. fxe6 fxe6 29. Nf3 d4+ 30. Nxd4 Rc5 31. Nf3 Bxf3 32. Kxf3 Rxe5 33. a4 Rf8+ 34. Kg2 Rg5 35. Kh2 Rf2+ 36. Rg2 Rf4 37. axb5 axb5 38. Ra5 Rb4 39. Rf2 Rd5 40. Kg2 Rg5 41. Kh2 1/2-1/2

[Event "HUN-chT2 Maroczy 1011"]
[Site "Hungary"]
[Date "2010.10.24"]
[Round "4"]
[White "Bokros, Istvan"]
[Black "Antal, Laszlo"]
[Result "1-0"]
[WhiteElo "2144"]
[BlackElo "2199"]
[PlyCount "90"]
[EventDate "2010.09.12"]
[EventType "team-tourn"]
[EventRounds "11"]
[EventCountry "HUN"]
[SourceTitle "EXT 2012"]
[Source "ChessBase"]
[SourceDate "2011.11.24"]
[SourceVersion "1"]
[SourceVersionDate "2011.11.24"]
[SourceQuality "1"]
[WhiteTeam "Penzugyor II"]
[BlackTeam "Fuzesabony"]
[WhiteTeamCountry "HUN"]
[BlackTeamCountry "HUN"]

1. e4 e5 2. Nf3 Nc6 3. d4 exd4 4. Nxd4 Nf6 5. Nxc6 bxc6 6. Qf3 d5 7. exd5 cxd5 8. Bb5+ Bd7 9. Bxd7+ Qxd7 10. 0-0 Be7 11. Bf4 0-0 12. Nd2 Bd6 13. Rfe1 Rfe8 14. h3 Re6 15. Bxd6 Qxd6 16. Re3 Rae8 17. Rae1 Qb4 18. Rxe6 fxe6 19. Qc3 Qxc3 20. bxc3 Rb8 21. Nb3 Kf7 22. f3 Rb6 23. a4 Rc6 24. Re3 Rc4 25. a5 c5 26. Nd2 Ra4 27. Nb3 Rc4 28. Nd2 Ra4 29. Nb3 c4 30. Nd4 Rxa5 31. Rxe6 Ra3 32. Rc6 a5 33. Ra6 a4 34. Kf2 Ra1 35. g4 g5 36. Ra7+ Ke8 37. Ne6 h6 38. Ng7+ Kd8 39. Nf5 a3 40. Nd4 Kc8 41. Nb5 a2 42. Nd4 Nd7 43. Nc6 Nc5 44. Nb4 Ne6 45. Rxa2 Kd7 1-0

[Event "HUN-chT2 Maroczy 0910"]
[Site "Hungary"]
[Date "2010.02.14"]
[Round "6"]
[White "Kajari, Istvan"]
[Black "Antal, Laszlo"]
[Result "1-0"]
[WhiteElo "2233"]
[BlackElo "2180"]
[PlyCount "89"]
[EventDate "2009.11.08"]
[EventType "team-tourn"]
[EventRounds "11"]
[EventCountry "HUN"]
[SourceTitle "EXT 2011"]
[Source "ChessBase"]
[SourceDate "2010.11.26"]
[SourceVersion "1"]
[SourceVersionDate "2010.11.26"]
[SourceQuality "1"]
[WhiteTeam "Gyula"]
[BlackTeam "Fenstherm"]
[WhiteTeamCountry "HUN"]
[BlackTeamCountry "HUN"]

1. e4 e5 2. Nf3 Nc6 3. Nc3 Nf6 4. a3 d5 5. exd5 Nxd5 6. Bb5 Nxc3 7. bxc3 Bd6 8. d4 exd4 9. cxd4 0-0 10. 0-0 Bg4 11. c3 Na5 12. Ba4 c5 13. h3 Bh5 14. Qd3 Rc8 15. Bd1 Qc7 16. Be3 c4 17. Qf5 Bg6 18. Qb5 a6 19. Qb2 Rce8 20. Bc2 Bxc2 21. Qxc2 Nb3 22. Ra2 f5 23. Bc1 Re7 24. a4 Nxc1 25. Rxc1 g6 26. Re1 Rxe1+ 27. Nxe1 Re8 28. Kf1 Qa5 29. Nf3 Bf4 30. Ng1 Qd5 31. Rb2 Bd6 32. Nf3 Re7 33. Rb1 Kf7 34. Re1 Rxe1+ 35. Kxe1 Kf6 36. Qe2 Qc6 37. Qc2 Bf4 38. Kf1 b5 39. axb5 Qxb5 40. g3 Qb3 41. Qxb3 cxb3 42. gxf4 a5 43. Ke1 b2 44. Nd2 a4 45. Nb1 1-0

[Event "Nyiregyhaza op"]
[Site "Nyiregyhaza"]
[Date "2008.07.26"]
[Round "6"]
[White "Antal, Laszlo"]
[Black "Meszaros, Andras"]
[Result "0-1"]
[WhiteElo "2193"]
[BlackElo "2316"]
[PlyCount "98"]
[EventDate "2008.07.23"]
[EventType "swiss"]
[EventRounds "7"]
[EventCountry "HUN"]
[SourceTitle "EXT 2009"]
[Source "ChessBase"]
[SourceDate "2008.11.26"]
[SourceVersion "1"]
[SourceVersionDate "2008.11.26"]
[SourceQuality "1"]

1. e4 c5 2. Nf3 Nc6 3. d4 cxd4 4. Nxd4 Qc7 5. Nb5 Qb8 6. Bd3 a6 7. N5c3 e6 8. 0-0 b5 9. Be3 Nf6 10. f4 d6 11. Nd2 Be7 12. Qf3 Bb7 13. Qh3 Nb4 14. Nf3 Qc7 15. a3 Nxd3 16. cxd3 Qd7 17. Bd4 Rc8 18. Rac1 0-0 19. Bxf6 Bxf6 20. g4 Rc5 21. g5 Bxc3 22. Rxc3 Rxc3 23. bxc3 Rc8 24. Rc1 Rc5 25. g6 h6 26. gxf7+ Qxf7 27. Kf2 Qxf4 28. Qxe6+ Kh7 29. Rg1 Qf8 30. Ke3 Rxc3 31. Nh4 Bc8 32. Qg6+ Kg8 33. Rg3 d5 34. Kd2 Rc7 35. Rf3 Qe7 36. Nf5 Bxf5 37. Qxf5 dxe4 38. Qxe4 Qg5+ 39. Qf4 Qe7 40. Re3 Qd7 41. Qe4 Rc5 42. Qa8+ Kh7 43. Re8 Rd5 44. Rh8+ Kg6 45. Qxa6+ Rd6 46. Qa5 Rxd3+ 47. Kc2 Qf5 48. Rf8 Qe4 49. Re8 Qc4+ 0-1

[Event "HUN-chT2 Maroczy 0607"]
[Site "Hungary"]
[Date "2007.03.04"]
[Round "6"]
[White "Dobai, Szabolcs"]
[Black "Antal, Laszlo"]
[Result "0-1"]
[WhiteElo "2160"]
[BlackElo "2215"]
[PlyCount "94"]
[EventDate "2006.11.12"]
[EventType "team"]
[EventRounds "11"]
[EventCountry "HUN"]
[SourceTitle "EXT 2008"]
[Source "ChessBase"]
[SourceDate "2007.11.25"]
[SourceVersion "1"]
[SourceVersionDate "2007.11.25"]
[SourceQuality "1"]
[WhiteTeam "Miskolc EMSE"]
[BlackTeam "Fuzesabony"]
[WhiteTeamCountry "HUN"]
[BlackTeamCountry "HUN"]

1. d4 Nf6 2. c4 e6 3. Nf3 Bb4+ 4. Nbd2 d5 5. e3 0-0 6. Bd3 c5 7. 0-0 Nc6 8. cxd5 exd5 9. dxc5 Bxc5 10. a3 a5 11. Qc2 Bb6 12. e4 dxe4 13. Nxe4 h6 14. Bf4 Nxe4 15. Bxe4 Qf6 16. Be3 Nd4 17. Nxd4 Bxd4 18. Bxd4 Qxd4 19. Rad1 Qb6 20. Rd3 Be6 21. Rfd1 Rac8 22. Qd2 Bb3 23. Rd6 Qc7 24. Rd7 Bxd1 25. Rxc7 Rxc7 26. Qxd1 Rfc8 27. g3 Rc1 28. Qxc1 Rxc1+ 29. Kg2 b6 30. h4 Kf8 31. Kf3 Ke7 32. Ke2 Kd6 33. Kd2 Rc7 34. Kd3 Rc1 35. Kd2 Rg1 36. h5 Ke5 37. Bd3 Kd4 38. Be2 Rh1 39. g4 Ke4 40. Bc4 Kf4 41. Bxf7 Kxg4 42. Ke3 Rxh5 43. f3+ Kh4 44. Bxh5 Kxh5 45. b4 axb4 46. axb4 Kg5 47. Ke4 h5 0-1